000 00368nam a22001577a 4500
003 OSt
005 20260316113852.0
007 649 pages
008 260316b |||||||| |||| 00| 0 eng d
040 _c
082 _217
_a658.8
_bKOT
245 _aMarketing Management
_cKotler,Philip
250 _a17
260 _bPearson
_c2025
942 _2ddc
_cBK
_e17
_k658.8
_mKOT
_n0
999 _c36332
_d36332